| 000 | 00784nam a2200193 a 4500 | ||
|---|---|---|---|
| 008 | 090316s2006 ||||||||||||||||| || u | ||
| 020 | _a0750668504 | ||
| 050 | _aTA 403 Hig | ||
| 100 | _aHiggins, Raymond A | ||
| 245 | 1 | 0 | _aMaterials for engineers and technicians.--4th ed. |
| 250 | _a4th ed. | ||
| 260 |
_aAmsterdam: _bElsevier _c2006. |
||
| 300 | _axiii, 400p.: ill. | ||
| 350 | _a0.00 | ||
| 650 | 0 | _aMATERIALS | |
| 650 | _aMETALS | ||
| 995 |
_aMAIN LIBRARY OPEN ACCESS _D0.00 _e740704 _FCBU-MAIN LIBRARY (Kitwe) _H1 _I0.00 _jTA 403 HIG _M2 _UAVAILABLE _WFeb 22, 2010 _y740704 _ZMain Library Open Access Collection |
||
| 995 |
_aMAIN LIBRARY OPEN ACCESS _D0.00 _e739735 _FCBU-MAIN LIBRARY (Kitwe) _H1 _I0.00 _jTA 403 HIG _M1 _UAVAILABLE _WApr 1, 2009 _y739735 _ZMain Library Open Access Collection |
||
| 999 |
_c82710 _d82710 |
||